000 03376nam a22003857a 4500
999 _c21794
_d21794
003 AR-CdUCM
008 190425b ||||| |||| 00| 0 spa d
040 _aMUNICIPALIDAD PROVINCIAL DEL CUSCO
_cBIBLIOTECA MUNICIPAL DEL CUSCO
082 _aRev.IAAC/N°9/1959
110 _aInstituto Americano de Arte del Cuzco
_943770
245 _aRevista del Instituto Americano de Arte /
260 _aCusco :
_bH.G. Rozas,
_c1959.
300 _a322 páginas. :
_bilustraciones, laminas ;
_c24 cm.
440 _aRevista del Instituto Americano de Arte Cuzco.
_nAño IX, [?] semestre de 1959, N°9. Vol.[?]
_946132
505 _aContenido: El pintor Krekovic -- La visita de Bolivar al Cuzco. José Uriel García. -- Elogio de Garcilaso. Luis Felipe Paredes. -- Nuevos datos sobre la vida y obra del Obispo Mollinedo. Horacio Villanueva. -- El pan nuestro de cada día. José Uriel García. -- Documentos en el Archivo Provincial de Córdova España relacionados con el Inca Garcilaso de la Vega. Manuel E. Cuadros. -- Dos inéditos sobre Fernando Tupac Amaru. Daniel Valcárcel. -- El Obispo Don Manuel de Mollinedo y Angulo Mecenas cuzqueño. Isabel Z. de Ruzo. -- Tres templos Apurimeños. Julio G. Gutiérrez. -- Sobre el pintor Mario Urteaga y la pintura peruana. Teodoro Núñez Ureta. -- Apuntes literarios. Román Saavedra. -- Supervivencias agrarias del Tahuantinsuyo. -- Un juramento de amor. Eufracio Álvarez. -- Tierras ajenas. Luis Felipe Paredes. -- El cholo sur peruano. Teófilo Huayhuaca Saldívar. -- Don Rosendo Villalobos en la lírica boliviana. Carlos Gregorio Taborga. -- Tres paisajes de la escuela cuzqueña. M.F.L. -- Hacia la determinación de los caracteres típicos del Wayno cuzqueño. Josafat Roel Pineda. -- El velatorio del expediente. Carlos Ferdinand Cuadros. -- Retazos de vidas serranas. Martha Alicia Fernan Zegarra. -- José Vasconcelos maestro y apóstol. Román Saavedra. -- Contra los vates y sus derivados. E. Kallata. -- Homenajes a Benjamín Mendizábal Vizcarra. M.F.Lira, L. F. Paredes, J.G. Medina. -- Los cuatro grandes de la música cusqueña. L.F. Paredes. -- Concurso como se imaginan el Cuzco. -- Anacronismo y disloque. Rosa Augusta Rivero de Zúñiga. -- De nuestro acervo musical. Ernesto Corbacho. -- Carta a Trinidad Enríquez. Manuela F. Gómez. -- Lic. Salvador Martínez de Alva. L.F.P. -- El Cuzco atreves de los tiempos. Julio G. Gutiérrez. -- El suplicio de Tupac Amaru. J. Alberto Cuentas. -- Necrología Luis A. Llanos Hartmut Winkler. -- Documentos semana del Cuzco. -- Significas Lágrimas poemas. Luis Nieto Miranda.
650 _aTradiciones cusqueñas
_931110
650 _aFiestas populares
_934730
650 _aFolcklore
_946108
650 _aLiteratura cusqueña
_946110
650 _aPoetas cusqueños
_95956
650 _aArte cusqueño
_913165
650 _aBenjamín Mendizábal Vizcarra
_946129
650 _aSimón Bolívar
_91694
650 _aManuel de Mollinedo y Angulo
_95791
650 _aMaría Trinidad Enríquez
_946109
700 _aGutiérrez Loayza, Julio
_946116
700 _aYépez Miranda, Alfredo
_94230
700 _aNieto Mirando, Luis
_946131
700 _aGarcía, Uriel José
_946133
700 _aCaballero Farfán, Policarpo
_913130
700 _aVillanueva Urteaga, Horacio
_95790
700 _aRoel Pineda, Josafat
_922398
942 _2ddc
_cPP
945 _arac